Normal view
MARC view
- Nasirufing, Brig Syed
Entry Personal Name
001 - CONTROL NUMBER
- control field: 51029
003 - CONTROL NUMBER IDENTIFIER
- control field: NUST
005 - DATE AND TIME OF LATEST TRANSACTION
- control field: 20210314134854.0
008 - FIXED-LENGTH DATA ELEMENTS
- fixed length control field: 210314|| aca||aabn | a|a d
040 ## - CATALOGING SOURCE
- Original cataloging agency: NUST
- Transcribing agency: NUST
100 ## - HEADING--PERSONAL NAME
- Personal name: Nasirufing, Brig Syed
670 ## - SOURCE DATA FOUND
- Source citation: Work cat.: (NUST): Nasirufing, Brig Syed , الباقيات الصالحات, 1986.
